BSOP header

The Tiannanmen massacre and the call for church renewal : (Record no. 14342)

MARC details
000 -LEADER
fixed length control field 00761nam a2200181 4500
008 - FIXED-LENGTH DATA ELEMENTS--GENERAL INFORMATION
fixed length control field 030220s1989 -hk chi
090 ## - LOCALLY ASSIGNED LC-TYPE CALL NUMBER (OCLC); LOCAL CALL NUMBER (OCLC)
Classification number (OCLC) (R) ; Classification number, CALL (RLIN) (NR) BS680.P37
Local cutter number (OCLC) ; Book number/undivided call number, CALL (RLIN) Ye4t
-- 1989
100 1# - MAIN ENTRY--PERSONAL NAME
Personal name Yeung, Arnold
245 10 - TITLE STATEMENT
Title The Tiannanmen massacre and the call for church renewal :
Remainder of title a biblical and doctrinal appraisal of Christian patrioticism {ch} /
Statement of responsibility, etc Arnold Yeung.
260 ## - PUBLICATION, DISTRIBUTION, ETC. (IMPRINT)
Place of publication, distribution, etc Hong Kong :
Name of publisher, distributor, etc Excellence Book House,
Date of publication, distribution, etc c1989.
300 ## - PHYSICAL DESCRIPTION
Extent 130 p.
490 1# - SERIES STATEMENT
Series statement The Tiananmen massacre special ed. series;
Volume number/sequential designation 1
650 #4 - SUBJECT ADDED ENTRY--TOPICAL TERM
Topical term or geographic name as entry element Church renewal{ch}.
650 #4 - SUBJECT ADDED ENTRY--TOPICAL TERM
Topical term or geographic name as entry element Patriotism
General subdivision Biblical teaching{ch}.
650 #4 - SUBJECT ADDED ENTRY--TOPICAL TERM
Topical term or geographic name as entry element Student movements{ch}.
651 #4 - SUBJECT ADDED ENTRY--GEOGRAPHIC NAME
Geographic name China
General subdivision History
-- Tiananmen Square Incident
Chronological subdivision 1989{ch}.
951 ## - EQUIVALENCE OR CROSS-REFERENCE-GEOGRAPHIC NAME/AREA NAME [OBSOLETE] [CAN/MARC only]
General subdivision 00026752
951 ## - EQUIVALENCE OR CROSS-REFERENCE-GEOGRAPHIC NAME/AREA NAME [OBSOLETE] [CAN/MARC only]
-- C-4360
-- BS680.P37/Ye4t/1989
-- 070613111213265
-- 2000-12-21
-- CH
Holdings
Withdrawn status Lost status Damaged status Not for loan Home library Current library Shelving location Date acquired Accession number Shelving control number Total Checkouts Full call number Barcode Date last seen Price effective from Koha item type
        BSOP Library BSOP Library Chinese Books (General Circulation) 12/21/2000 C-4360 127   BS680.P37/Ye4t/1989 00026752 02/23/2013 02/23/2013 Books
BSOP

Biblical Seminary of the Philippines
  All rights Reserved
  © 2024

CONTACT INFORMATION

Biblical Seminary of the Philippines,
  77-B Karuhatan Road, Valenzuela City,
  PHILIPPINES 1441
  Phone: +632 8292-6795 / 8292-6798
  Fax : +632 8292-6675
  Email: library@bsop.edu.ph